Name all special character on a Keyboard - Statistics

General Stats
  • This quiz has been taken 76 times
  • The average score is 19 of 32
Answer Stats
Hint Answer % Correct
- Dash
87%
$ Dollar Sign
87%
! Exclamation Point
84%
% Percent
84%
+ Plus
84%
= Equal
82%
? Question Mark
79%
, Comma
76%
# Octothorpe
76%
. Period
76%
; Semicolon
76%
/ Slash
76%
: Colon
74%
\ Backslash
71%
" Quotation
68%
~ Tilde
66%
_ Underscore
66%
& Ampersand
63%
* Asterisk
58%
] Close Bracket
50%
[ Open Bracket
50%
' Apostrophe
45%
> Greater Than
45%
< Less Than
42%
( Open Parenthesis
39%
) Close Parenthesis
37%
` Backtick
29%
} Close Brace
24%
{ Open Brace
24%
^ Caret
21%
| Vertical Bar
13%
@ Ampersat
5%
No matching quizzes found
Score Distribution
Percent of People with Each Score
Percentile by Number Answered
Your Score History
You have not taken this quiz